| 000 | 00740nam a22001337a 4500 | ||
|---|---|---|---|
| 040 | _cRUA | ||
| 082 | _aGRS PHA 2017 B641 Or.1 | ||
| 100 | _aPHAL SAREN ផល់ សារ៉ែន | ||
| 245 | _athe study on disease affect about sow in farm cp you tiev kongpisey district kompong spue province ការសិក្សាអំពីជំងឺដែលជួបប្រទះនៅលើមេជ្រូកក្នុងកសិដ្ខាន សុីភី យូទាវ ស្រុកគងពិសី ខេត្តកំពងស្ពឺ | ||
| 260 |
_aRUA _bphnom penh _c2017 |
||
| 300 |
_aix;36p _bill; _c29cm |
||
| 856 | _uhttps://drive.google.com/file/d/1MDEdSVKMOTt9KonHmMziwapGVhd3D3n8/view?usp=sharing | ||
| 942 | _cGRS | ||
| 999 |
_c18100 _d18100 |
||